Characterization, Avoidance and Repair of Packet Collisions in Inter-Vehicle Communication Networks (Record no. 21082)

MARC details
000 -LEADER
fixed length control field 00501nam a2200121Ia 4500
008 - FIXED-LENGTH DATA ELEMENTS--GENERAL INFORMATION
fixed length control field 220616s9999||||xx |||||||||||||| ||und||
100 ## - MAIN ENTRY--PERSONAL NAME
Personal name Mittag, Jens
245 #0 - TITLE STATEMENT
Title Characterization, Avoidance and Repair of Packet Collisions in Inter-Vehicle Communication Networks
546 ## - LANGUAGE NOTE
Language note English[eng]
650 ## - SUBJECT ADDED ENTRY--TOPICAL TERM
Topical term or geographic name entry element Carrier-Sense Multiple Access||High Fidelity Simulation||Inter-Vehicle Networks||Congestion Control||Inter-Vehicle Communications
856 ## - ELECTRONIC LOCATION AND ACCESS
Uniform Resource Identifier <a href="https://www.ksp.kit.edu/9783866448803">https://www.ksp.kit.edu/9783866448803</a>
942 ## - ADDED ENTRY ELEMENTS (KOHA)
Koha item type E-Books
Holdings
Withdrawn status Lost status Damaged status Not for loan Home library Current library Date acquired Total Checkouts Date last seen Price effective from Koha item type
        Kerala University of Digital Sciences, Innovation and Technology Knowledge Centre Kerala University of Digital Sciences, Innovation and Technology Knowledge Centre 16/06/2022   16/06/2022 16/06/2022 E-Books